| 000 | 00855nam a2200265Ia 4500 | ||
|---|---|---|---|
| 001 | Para_3158 | ||
| 003 | CHAP | ||
| 008 | 220125s1981 xx 000 0 und d | ||
| 010 | _a201631 | ||
| 040 | _cCHAP | ||
| 090 | _aPA TESIS 391 | ||
| 100 |
_aRobles Hernández, Elena _998082 |
||
| 245 |
_aDiagnóstico del virus del mateado del clavel, detectado en material de importación de Holanda y Estados Unidos de Norteamérica / _c Elena Robles Hernández |
||
| 260 |
_aMéxico : _b El autor |
||
| 300 | _a53 h. | ||
| 502 | _aTesis (Biòlogo) -- UNAM. Facultad de Ciencias | ||
| 650 |
_aClavel _x Enfermedades por virus Virus _x Investigación _9166543 |
||
| 901 | _aPA TESIS 391 | ||
| 902 | _aA | ||
| 905 | _a0000001981 mx a 0000000000 00 | ||
| 910 | _a1981 | ||
| 942 | _cPARA | ||
| 942 |
_cPARA _d1 |
||
| 999 |
_c201631 _d201631 |
||